Action plan for foodgrains production - high lights of frame work (Record no. 8097)

000 -LEADER
fixed length control field 00386pab a2200157 454500
008 - FIXED-LENGTH DATA ELEMENTS--GENERAL INFORMATION
fixed length control field 180718b1988 xxu||||| |||| 00| 0 eng d
100 ## - MAIN ENTRY--PERSONAL NAME
Personal name Khanna, S.S.
245 ## - TITLE STATEMENT
Title Action plan for foodgrains production - high lights of frame work
260 ## - PUBLICATION, DISTRIBUTION, ETC.
Date of publication, distribution, etc. 1988
300 ## - PHYSICAL DESCRIPTION
Extent 23-5,28
362 ## - DATES OF PUBLICATION AND/OR SEQUENTIAL DESIGNATION
Dates of publication and/or sequential designation 1 Sept.
650 ## - SUBJECT ADDED ENTRY--TOPICAL TERM
Topical term or geographic name entry element Farm Produce
700 ## - ADDED ENTRY--PERSONAL NAME
Personal name M.V. Pavate
773 ## - HOST ITEM ENTRY
Main entry heading Yojana
909 ## -
-- 8097
Holdings
Withdrawn status Lost status Damaged status Not for loan Permanent Location Current Location Date acquired Serial Enumeration / chronology Barcode Date last seen Price effective from Koha item type
        Indian Institute of Public Administration Indian Institute of Public Administration 2018-07-19 Volume no: 32, Issue no: 16 AR8110 2018-07-19 2018-07-19 Articles

Powered by Koha